Field guide to trees of Southern Africa (Record no. 63021)

MARC details
000 -LEADER
fixed length control field 00822nam a2200181 a 4500
008 - FIXED-LENGTH DATA ELEMENTS--GENERAL INFORMATION
fixed length control field 130321s1997 ||||||||||||||||| || u
020 ## - INTERNATIONAL STANDARD BOOK NUMBER
International Standard Book Number 9781868259229
050 ## - LIBRARY OF CONGRESS CALL NUMBER
Classification number QK 491.A3 Van
100 ## - MAIN ENTRY--PERSONAL NAME
Personal name van Wyk, Piet
245 10 - TITLE STATEMENT
Title Field guide to trees of Southern Africa
Statement of responsibility, etc. by Braam van Wyk and Piet van Wyk
260 ## - PUBLICATION, DISTRIBUTION, ETC.
Place of publication, distribution, etc. Cape Town:
Name of publisher, distributor, etc. Struik Nature
Date of publication, distribution, etc. 1997
300 ## - PHYSICAL DESCRIPTION
Extent 536p. : ill.
650 ## - SUBJECT ADDED ENTRY--TOPICAL TERM
Topical term or geographic name entry element TREES--AFRICA, SOUTHERN--IDENTIFICATION
650 ## - SUBJECT ADDED ENTRY--TOPICAL TERM
Topical term or geographic name entry element TREES--AFRICA--HANDBOOKS, MANUALS, ETC
700 ## - ADDED ENTRY--PERSONAL NAME
Personal name van Wyk, Abraham (Braam)
995 ## -
-- MAIN LIBRARY OPEN ACCESS
-- 743567
-- CBU-MAIN LIBRARY (Kitwe)
-- QK 491.A3 Van
-- 1
-- AVAILABLE
-- Apr 29, 2013
-- 743567
-- Main Library Open Access Collection
995 ## -
-- SHORT LOAN BOOKS
-- 743568
-- CBU-MAIN LIBRARY (Kitwe)
-- QK 491.A3 Van
-- 2
-- AVAILABLE
-- Apr 29, 2013
-- 743568
-- Short Loan Collection
999 ## -
-- 63021
-- 63021
Holdings
Withdrawn status Lost status Source of classification or shelving scheme Damaged status Not for loan Permanent Location Current Location Shelving location Date acquired Total Checkouts Full call number Barcode Date last seen Date last checked out Price effective from Koha item type
          CBU-MAIN LIBRARY, KITWE. CBU-MAIN LIBRARY, KITWE.   12/24/2022 2 QK 491.A3 Van 743567 07/23/2025 06/25/2025 12/24/2022 MONOGRAPH
          CBU-MAIN LIBRARY, KITWE. CBU-MAIN LIBRARY, KITWE.   12/24/2022   QK 491.A3 Van 743568 12/24/2022   12/24/2022 MONOGRAPH